|
|
|
|
| LEADER |
00000ny a22000003n 4500 |
| 005 |
20110510132837.0 |
| 008 |
950713c19uu9999pe mr 0 b spa d |
| 035 |
|
|
|a 2241
|
| 040 |
|
|
|a BUS
|d vLex
|
| 090 |
|
|
|c 1545
|d 1545
|
| 245 |
3 |
0 |
|a Ozono mo̕
|h [Recurso electrn̤ico]
|b revista de derecho ambiental
|
| 256 |
|
|
|a Servicio en ln̕ea
|
| 260 |
|
|
|a Lima :
|b Carbonell O'Brien Abogados
|
| 506 |
1 |
|
|a Contenido solo disponible en los productos indicados
|d vLex Global
|d vLex Global (Academic Edition, excluding Law Schools)
|d vLex Global (U.S. Academic Edition, Law Schools)
|d vLex Global (U.S. Academic Edition, excluding Law Schools)
|d vLex Global (Academic Edition, Law Schools)
|
| 650 |
0 |
4 |
|a Medio ambiente
|x Derecho
|x Publicaciones perid̤icas
|
| 740 |
0 |
|
|a vLex Revista (Servicios en ln̕ea)
|
| 843 |
|
|
|a Electrn̤ica. Abierta
|
| 853 |
|
|
|8 1
|i (year)
|j (month)
|k (day)
|
| 856 |
4 |
0 |
|z Acceso restringido
|u http://vlex.com/account/login_ip?fuente_id=2241
|
| 942 |
|
|
|c REV
|